Top 10 biggest countries by reserve military - Statistics

General Stats
  • This quiz has been taken 434 times
  • The average score is 5 of 10
Answer Stats
Hint Answer % Correct
850.880 USA
99%
1.545.200 Russia
92%
1.155.000 India
82%
2.970.000 South Korea
69%
1.340.000 Brazil
65%
3.000.000 Vietnam
49%
1.675.000 Taiwan
34%
2.285.000 Bangladesh
25%
930.000 Finland
18%
950.000 Singapore
12%
No matching quizzes found
Score Distribution
Percent of People with Each Score
Percentile by Number Answered
Your Score History
You have not taken this quiz